Indian family-managed companies: the corporate governance conundrum (Record no. 69502)

000 -LEADER
fixed length control field 00410pab a2200145 454500
008 - FIXED-LENGTH DATA ELEMENTS--GENERAL INFORMATION
fixed length control field 180718b2006 xxu||||| |||| 00| 0 eng d
100 ## - MAIN ENTRY--PERSONAL NAME
Personal name Satheesh Kumar T.N.
245 ## - TITLE STATEMENT
Title Indian family-managed companies: the corporate governance conundrum
260 ## - PUBLICATION, DISTRIBUTION, ETC.
Date of publication, distribution, etc. 2006
300 ## - PHYSICAL DESCRIPTION
Extent p.20-40.
362 ## - DATES OF PUBLICATION AND/OR SEQUENTIAL DESIGNATION
Dates of publication and/or sequential designation Apr
650 ## - SUBJECT ADDED ENTRY--TOPICAL TERM
Topical term or geographic name entry element Corporate governance
773 ## - HOST ITEM ENTRY
Main entry heading The ICFAI Journal of Corporate Governance
909 ## -
-- 69502
Holdings
Withdrawn status Lost status Damaged status Not for loan Permanent Location Current Location Date acquired Serial Enumeration / chronology Barcode Date last seen Price effective from Koha item type
        Indian Institute of Public Administration Indian Institute of Public Administration 2018-07-19 Volume no: 5, Issue no: 2 AR69958 2018-07-19 2018-07-19 Articles

Powered by Koha